Environmental Issues in India (Record no. 184287)

MARC details
000 -LEADER
fixed length control field 00415nam a2200181Ia 4500
008 - FIXED-LENGTH DATA ELEMENTS--GENERAL INFORMATION
fixed length control field 240823s9999||||xx |||||||||||||| ||und||
082 ## - DEWEY DECIMAL CLASSIFICATION NUMBER
-- 333.7 P8
100 ## - MAIN ENTRY--PERSONAL NAME
Personal name Mahesh Rangarajan Ed.
245 #0 - TITLE STATEMENT
Title Environmental Issues in India
250 ## - EDITION STATEMENT
Edition statement 1st
260 ## - PUBLICATION, DISTRIBUTION, ETC. (IMPRINT)
Date of publication, distribution, etc 2008
Name of publisher, distributor, etc Pearson Lo
500 ## - GENERAL NOTE
General note YES
650 ## - SUBJECT ADDED ENTRY--TOPICAL TERM
Topical term or geographic name as entry element India
942 ## - ADDED ENTRY ELEMENTS (KOHA)
Item type Books
Holdings
Withdrawn status Lost status Damaged status Permanent location Current location Shelving location Date acquired Source of acquisition Cost, normal purchase price Full call number Barcode Date last seen Koha item type
      CENTRAL LIBRARY, NOORUL ISLAM CENTRE FOR HIGHER EDUCATION CENTRAL LIBRARY, NOORUL ISLAM CENTRE FOR HIGHER EDUCATION   04/27/2010 World Book House Chennai 210.00 333.7 P8 37124 08/23/2024 Books
Visitors:
Copyright © 2024 Central Library NICHE.  All rights reserved.